000 00486nam a2200169Ia 4500
008 151213s9999 xx 000 0 und d
020 _a0-07-286825-2
100 _aD.A. Lind, W.G. Marchal & S.A. Wather
245 _aS.T. Business Economics
_cD.A. Lind, W.G. Marchal & S.A. Wather
250 _a12th
260 _aNew York
_bMc Grow Hill
_c2004
300 _a3894 p.
650 _aEconomics
650 _aEconomics
700 _aD.A. Lind, W.G. Marchal & S.A. Wather
999 _c2533
_d2533